Yıkılma sakın/ Gökmen Ulu (Record no. 14400)
[ view plain ]
| 000 -BAŞLIK | |
|---|---|
| Sabit Uzunlukta Kontrol Alanı | 00698nam a22002297a 4500 |
| 999 ## - SİSTEM KONTROL NUMARALARI (KOHA) | |
| Koha Biblionumber | 14400 |
| Koha Biblioitemnumber | 14400 |
| 003 - KONTROL NUMARASI IDENTIFIER | |
| Denetim Alanı | MIRAKIL |
| 005 - SON İŞLEM TARİHİ VE ZAMANI | |
| Denetim Alanı | 20210611134549.0 |
| 008 - SABİT-BOY VERİ ELEMANLARI - GENEL BİLGİLER | |
| Sabit Uzunlukta Kontrol Alanı | 210611b tu ||||| |||| 00| 0 tur d |
| 020 ## - ULUSLARARASI STANDART KİTAP NUMARASI | |
| Uluslararası Standart Kitap Numarası | 9786052982167 |
| 040 ## - KATALOGLAMA KAYNAK | |
| Orijinal Kataloglama Ajansı | TR-AnCHP |
| Metne Dönüştürmek Ajansı | TR-AnCHP |
| 041 ## - DİL KODU | |
| Metin / Ses Parça Veya Ayrı Başlığın Dil Kodu | Tur |
| 082 ## - DEWEY ONLU SINIFLANDIRMA NUMARASI | |
| Sınıflandırma Numarası | 070.4 |
| Ürün Numarası | U48y 2018 |
| 100 ## - ANA GİRİŞ - KİŞİSEL İSİM | |
| Kişisel Ad | Ulu, Gökmen |
| 245 10 - BAŞLIK TABLOSU | |
| Başlık | Yıkılma sakın/ Gökmen Ulu |
| Sorumluluk Tablosu, Vb | Gökmen Ulu |
| 260 ## - YAYIN, DAĞITIM, VB | |
| Yayın, Dağıtım, Vb Yeri | İstanbul: |
| Yayıncı, Dağıtıcı, Vs Adı | Kırmızı Kedi Yayınevi, |
| Yayın, Dağıtım, Vb Tarihi | 2018. |
| 300 ## - FİZİKSEL TANIM | |
| Kapsam | 190 sayfa : |
| Diğer Fiziksel Ayrıntıları | resim ; |
| Boyutlar | 20 sm. |
| 490 0# - SERİSİ TABLOSU | |
| Seri Beyanı | Kırmızı Kedi Yayınevi ; |
| -- | Güncel ; |
| Hacim / Ardışık Tanımı | 860. |
| -- | 37. |
| 500 ## - GENEL NOT | |
| Genel Not | Yapıt yazarından imzalıdır. |
| 650 #0 - KONU KATMA GİRİŞ - TOPİKAL DÖNEM | |
| 9 (RLIN) | 438 |
| Topikal Süreli Veya Coğrafi Ad Giriş Elemanı | Gazeteciler |
| Genel Alt Bölümü | Türkiye |
| 650 #0 - KONU KATMA GİRİŞ - TOPİKAL DÖNEM | |
| 9 (RLIN) | 6292 |
| Topikal Süreli Veya Coğrafi Ad Giriş Elemanı | Basın |
| Genel Alt Bölümü | Türkiye |
| 942 ## - EKLENDİ GİRİŞ ELEMANLARI (KOHA) | |
| Sınıflandırma Veya Raf Düzeni Kaynak | Dewey Decimal Classification |
| Koha Öğesi Türü | Books |
| Kalıcı Konum | Mevcut Konum | Edinme Tarihi | Toplam Check-Out'Lar | Tam Çağrı Numarası | Barkod | Tarih Son Görülme | İtibaren Geçerli Fiyatlar | Sigara Kamu Notu | Koha Öğesi Türü |
|---|---|---|---|---|---|---|---|---|---|
| CHP Kütüphanesi | CHP Kütüphanesi | 06/11/2021 | 070.4 U48y 2018 | 019887 | 06/11/2021 | 06/11/2021 | Tuncay Özkan Bağışıdır. | Books |
